Exposició-Venda d'una important col·lecció de propietat particular
Descripción Física:
full plegat ; 14 x 10'5 cm
Materias:
Fons Joan Junyer i Pascual (1909-1994)
; Art -- Exposicions
; Art -- Catàlegs
; Galeries d'art -- Catàlegs
Idioma:
Catalán
MARC
| LEADER | 00000nam a2200000 a 4500 | ||
|---|---|---|---|
| 001 | 24902 | ||
| 003 | AGDB | ||
| 005 | 20260324181543.0 | ||
| 008 | 260113b spa||||| |||| 00| 0 cat d | ||
| 040 | |a agdb |b cat | ||
| 041 | |a cat | ||
| 110 | |a Galeries Laietanes |9 72928 |e institució d'acollida | ||
| 245 | |a Exposició-Venda d'una important col·lecció de propietat particular | ||
| 260 | |a Barcelona : |b Galeries Laietanes, |c [s.a.] | ||
| 300 | |a full plegat ; |c 14 x 10'5 cm | ||
| 500 | |a Prové del fons Joan Junyer i Pascual (1909-1994) | ||
| 500 | |a Invitació i catàleg de l'exposició celebrada a les Galeries Laietanes, Barcelona, del 14 al 27 d'octubre (any desconegut) | ||
| 650 | |a Fons Joan Junyer i Pascual (1909-1994) |9 72777 | ||
| 650 | 0 | |a Art |x Exposicions |2 Arxiu |9 43798 | |
| 650 | 0 | |a Art |x Catàlegs |9 26592 | |
| 650 | 0 | |a Galeries d'art |x Catàlegs |9 72877 | |
| 942 | |2 udc |c ARXIU |n 1 | ||
| 952 | |0 0 |1 0 |2 udc |4 0 |6 F504328 |7 1 |9 98923 |a Arxiu |b Arxiu |d 2026-01-13 |l 0 |o F-504-328 |p 24902 |r 2026-01-13 10:01:28 |w 2026-01-13 |y ARXIU |z Exemplar en mal estat de conservació | ||
| 999 | |c 130591 |d 130591 | ||